WYKONAWCY NAJBARDZIEJ ZNANYCH PIOSENEK PIŁKARSKICH - Statystyki

Ogólne statystyki
  • Ten quiz został rozwiązany 23 razy
  • Średni wynik to 2 z 5
Statystyki odpowiedzi
Odpowiedź % Poprawnych
SHAKIRA
95%
PITBULL
25%
DAVID GUETTA
20%
RICKY MARTIN
20%
ENRIQUE IGLESIAS
10%
Nie znaleziono quizów pasujących do podanych kryteriów
Rozkład punktacji
Procent ludzi z każdym wynikiem
Percentyl według liczby udzielonych odpowiedzi
Twoja historia wyników
Nie rozwiązałeś tego quizu